| 000 | 01276nam a2200385 a 4500 | ||
|---|---|---|---|
| 001 | 20441 | ||
| 003 | VRT | ||
| 005 | 20260122140952.0 | ||
| 008 | 960531q1995 xo p 000 d slo c | ||
| 020 | _a8088834082 (brož.) | ||
| 035 | _aUKB000184583 | ||
| 040 |
_aBAA001 _bslo _cBAA001 _eAACR2 |
||
| 041 | 1 | _aslo | |
| 044 |
_axo _cSK |
||
| 080 | _a875-93-21 | ||
| 100 | 0 |
_aEuripides _d480-406 pred Kr. |
|
| 243 | 1 | 0 | _aStaroveká grécka dráma |
| 245 | 0 | 0 |
_aMedea _cEuripides ; [prel. Vojtech Mihálik] |
| 260 |
_aRohovce _bInterpopulart Slovakia _c[1995] |
||
| 300 | _a63 s | ||
| 490 | 1 |
_aPopulart. Študentská knižnica _v9 |
|
| 500 | _aStaroveká grécka dráma | ||
| 504 | _aBibliogr. s. 63 | ||
| 650 | 0 | 7 | _aliteratúra grécka klasická |
| 650 | 0 | 7 | _atragédie |
| 653 | _a875-93-21 | ||
| 700 | 1 |
_aMihálik, Vojtech, _d1926-2001 _4trl |
|
| 760 | 1 | _tPopulart. Študentská knižnica | |
| 830 | 0 |
_aPopulart. Študentská knižnica _v9 |
|
| 910 | _aukb | ||
| 942 |
_2ddc _cKLDO _n0 |
||
| 949 |
_61800004759 _a30.D.64392 _bPV.1837-96 _q3.5.2016 - popísaná ceruzou _r3.5.2016 - popísaná ceruzou |
||
| 949 |
_61800004758 _aSL.D.23201 _bPV.1838-96 |
||
| 949 |
_61800006906 _a30.D.64392 _bKD.164-96 _q11.2.2019 - popísaná ceruzkou _r11.2.2019 - popísaná ceruzkou |
||
| 999 |
_c20441 _d20441 |
||